000
00285nam a22001217a 4500
082
_a
823
_b
CLA/L
245
_a
LITTLE RED RIDING HOOD
_b
SHORT STORY
246
_a
LITTLE RED RIDING HOOD
_b
SHORT STORY
250
_a
2003
260
_a
DELHI
_b
CLASSIC BOOKS
_c
2003
300
_a
213
942
_c
BK
999
_c
266
_d
266